000 00287nam a22001337a 4500
008 180201b xxu||||| |||| 00| 0 eng d
020 _a9780618690121
041 _aeng
080 _a94
100 _a16
101 _ahis
245 _amodern world history
_crand/m
942 _2udc
_cBK
999 _c41544
_d41544